书目信息 |
| 题名: |
新一代大学英语综合教程
|
|
| 作者: | 王守仁总 主编 ;曹新宇 主编 | |
| 分册: | 2 提高篇 | |
| 出版信息: | 北京 外语教学与研究出版社 2019.07 |
|
| 页数: | 166页171页 | |
| 开本: | 20cm | |
| 丛书名: | ||
| 单 册: | ||
| 中图分类: | H319.6 | |
| 科图分类: | ||
| 主题词: | 英语 | |
| 电子资源: | ||
| ISBN: | 978-7-5213-0880-8 | |
| 000 | 00693nam0 2200217 450 | |
| 001 | 2537569283 | |
| 005 | 20250906102718.08 | |
| 010 | @a978-7-5213-0880-8@dCNY34.90 | |
| 100 | @a20250906d2019 km y0chiy0120 ea | |
| 101 | 0 | @achi |
| 102 | @aCN@b110000 | |
| 200 | 1 | @a新一代大学英语综合教程@h2@i提高篇@f王守仁总主编;曹新宇等主编@FWang Shou Ren Zong Zhu Bian;Cao Xin Yu Deng Zhu Bian |
| 210 | @a北京@c外语教学与研究出版社@d2019.07 | |
| 215 | @a166页171页@d20cm | |
| 517 | 1 | @a提高篇@ATi Gao Pian |
| 606 | 0 | @a英语 |
| 690 | @aH319.6@v4 | |
| 701 | 0 | @a王守仁总@AWang Shou Ren Zong@4主编 |
| 702 | 0 | @a曹新宇@ACao Xin Yu@4主编 |
| 801 | 0 | @aCN@b河南城建学院图书馆@c20250906 |
| 905 | @dH319.6@eW3453 | |
| 新一代大学英语综合教程.2.提高篇/王守仁总主编;曹新宇等主编.-北京:外语教学与研究出版社,2019.07 |
| 166页171页;20cm |
| ISBN 978-7-5213-0880-8:CNY34.90 |
| ● |
| 相关链接 |
|
|
|
正题名:新一代大学英语综合教程
索取号:H319.6/W3453
 
预约/预借
| 序号 | 登录号 | 条形码 | 馆藏地/架位号 | 状态 | 备注 |
| 1 | 1555236 | 215552364 | 语言库209/209语言库 57排7列6层/ [索取号:H319.6/W3453] | 在馆 |